SA2 Fandub Eggman's Announcement Lyrics ("SFW") - Statistics

General Stats
  • This quiz has been taken 91 times
  • The average score is 23 of 29
Answer Stats
Answer % Correct
I've come to make an {announcement}.
100%
He [whoops! can't say that word on a family friendly site!] on my [whoops! can't say that word on a family friendly site!] {wife}.
93%
{Shadow the Hedgehog}'s a [whoops! can't say that word on a family friendly site!]-[whoops! can't say that word on a family friendly site!] [whoops! can't say that word on a family friendly site!].
93%
And {guess} what?
84%
It's the size of this {walnut} except way smaller.
84%
And he said his [whoops! can't say that word on a family friendly site!] was "{this big}",
82%
And he [whoops! can't say that word on a family friendly site!] on my [whoops! can't say that word on a family friendly site!] {wife},
82%
Here's what my [whoops! can't say that word on a family friendly site!] {looks} like:
82%
{Shadow the Hedgehog}, you got a small [whoops! can't say that word on a family friendly site!].
82%
{That's right},
82%
And I said "that's {disgusting}",
80%
He [whoops! can't say that word on a family friendly site!] my wife so guess what I'm gonna [whoops! can't say that word on a family friendly site!] the {Earth}!
80%
So I'm making a {call-out post} on my Twitter.com:
80%
He took his hedghog [whoops! can't say that word on a family friendly site!] {quilly} [whoops! can't say that word on a family friendly site!] out,
78%
Look at that it looks like {two} [whoops! can't say that word on a family friendly site!] and a [whoops! can't say that word on a family friendly site!].
78%
No {quills}
78%
All {point}
76%
*{BFFOOOOXXXXMM}*
76%
How do ya like that, {Obama}!?!?!
76%
…I'm gonna go {higher}…
76%
I'M [whoops! can't say that word on a family friendly site!] ON THE {MOOOOOOOON}!!!!!!!
76%
I [whoops! can't say that word on a family friendly site!] on the {MOON} you idiot!
76%
No {pillows}
76%
Now get out of my [whoops! can't say that word on a family friendly site!] {sight}, before I [whoops! can't say that word on a family friendly site!] on you too!
75%
That's right {baby}–
75%
You have twenty-three hours before the [whoops! can't say that word on a family friendly site!] {drrroplllets} hit the [whoops! can't say that word on a family friendly site!] Earth!
75%
…Except I'm not gonna [whoops! can't say that word on a family friendly site!] on the {Earth}…
73%
{MY SUPER LASER} [whoops! can't say that word on a family friendly site!]!!!!!
69%
That's right {this is what you get}!–
62%
No matching quizzes found
Score Distribution
Percent of People with Each Score
Percentile by Number Answered
Your Score History
You have not taken this quiz